Statistics for Countries of Oceania in Order by Area

Click here to take the quiz!

General Stats

  • This quiz has been taken 294 times
  • The average score is 11 of 14

Answer Stats

AreaCountry% Correct
7,741,220Australia
100%
462,840Papua New Guinea
98%
267,710New Zealand
96%
18,274Fiji
88%
28,896Solomon Islands
88%
12,189Vanuatu
84%
2,831Samoa
81%
21Nauru
77%
811Kiribati
76%
747Tonga
75%
26Tuvalu
72%
702Micronesia
69%
459Palau
69%
181Marshall Islands
62%

Score Distribution

Percentile by Number Answered

Percent of People with Each Score

Your Score History

You have not taken this quiz